The social and interactional dimensions of human-computer interfaces

Αποθηκεύτηκε σε:
Λεπτομέρειες βιβλιογραφικής εγγραφής
Άλλοι συγγραφείς: Thomas, Peter J. 1961-
Μορφή: Βιβλίο
Γλώσσα:English
Δημοσίευση: Cambridge : Cambridge University Press, 1995
Σειρά:Cambridge series on human-computer interaction ; ; 9
Θέματα:
Ετικέτες: Προσθήκη ετικέτας
Δεν υπάρχουν, Καταχωρήστε ετικέτα πρώτοι!

MARC

LEADER 00000nam a2200000 i 4500
001 1/11512
008 980112s1995 eng d
020 |a 0-521-45302-X 
035 |1 ΠΑΡ  |a 1997  |l 10018280 
040 |a GR-MY-UA  |b gre  |e aacr 
041 0 |a eng 
082 0 |a 302.2 
245 1 4 |a The social and interactional dimensions of human-computer interfaces /  |c Edited by Peter J. Thomas 
260 |a Cambridge :   |b Cambridge University Press,   |c 1995 
300 |a 268 p.  |b tables 
490 1 |a Cambridge series on human-computer interaction  |v ; 9 
504 |a Includes index 
650 0 0 |a Human-computer interaction. 
700 1 |a Thomas, Peter J.  |d 1961- 
830 0 |a Cambridge series on human-computer interaction ;  |v ; 9 
852 |a INST  |b LESVOS  |e 19980112  |h 302.2 SOC  |p 005100015352  |q 005100015352  |t BK  |y 0 
909 |a Λ  |b 052151 
950 |a 146/1996-02-06